Library Banner

Magharabi Africa ki tahreek-e-jehaad (Urdu) (Record no. 42814)

MARC details
000 -LEADER
fixed length control field 00578nam a2200193Ia 4500
001 - CONTROL NUMBER
control field 44835
008 - FIXED-LENGTH DATA ELEMENTS--GENERAL INFORMATION
fixed length control field 140428s9999 xx 000 0 und d
020 ## - INTERNATIONAL STANDARD BOOK NUMBER
International Standard Book Number NA
040 ## - CATALOGING SOURCE
Transcribing agency PK-LaUMT
082 ## - DEWEY DECIMAL CLASSIFICATION NUMBER
Classification number RHC 297.720966
Item number AHM-M
100 ## - MAIN ENTRY--PERSONAL NAME
Personal name Ahmad Muhammad Kani
245 ## - TITLE STATEMENT
Title Magharabi Africa ki tahreek-e-jehaad (Urdu)
Remainder of title Usman bin Faudi aur Sokto khilafat
Statement of responsibility, etc Ahmad Muhammad Kani<>Zafar ul Islam
260 ## - PUBLICATION, DISTRIBUTION, ETC. (IMPRINT)
Place of publication, distribution, etc New Dehli,India:
Name of publisher, distributor, etc Institute of Islamic and Arabic Studies,
Date of publication, distribution, etc 1987
300 ## - PHYSICAL DESCRIPTION
Extent 100 p.
546 ## - LANGUAGE NOTE
Language note UR
650 ## - SUBJECT ADDED ENTRY--TOPICAL TERM
Topical term or geographic name as entry element Islam-Jihad
700 ## - ADDED ENTRY--PERSONAL NAME
Personal name Zafar ul Islam
942 ## - ADDED ENTRY ELEMENTS (KOHA)
Koha item type Books
Holdings
Withdrawn status Lost status Damaged status Not for loan Home library Current library Date acquired Total Checkouts Full call number Barcode Date last seen Price effective from Koha item type
        UMT Main Campus UMT Main Campus 2014-04-28   RHC 297.720966 AHM-M 48299 2014-05-06 2014-05-06 Books